000 01572nam a2200253Ia 4500
999 _c51734
_d51734
001 18726
003 GE_BSU
005 20210413130914.0
008 181216s2016||||ge |||||||||||||| ||geo||
040 _cGE_BSU
041 _ageo
080 _a61 გ-14
100 _aგაგოშიძე, გენრიეტა
_911279
245 _aგანვითარების თანდაყოლილი მანკების ეპიდემიოლოგია საქართველოში /
_cგენრიეტა გაგოშიძე; მეცნ. ხელმძღვანელები : ე.მირველაშვილი, ბ.ტყეშელაშვილი; თბილისის სახ-ლო სამედიცინო უნ-ტი.
264 _aთბილისი,
_c2015.
300 _a108 გვ. ;
_b30 სმ.
653 _aგანვითარების თანდაყოლილი მანკების ეპიდემიოლოგია საქართველოში
653 _aდისერტაცია
653 _aმედიცინა
700 _aმირველაშვილი, ე.
_eსამეცნიერო ხელმძღვანელი
_911280
700 _aტყეშელაშვილი, ბ.
_eსამეცნიერო ხელმძღვანელი
_911281
710 _aთბილისის სახემწიფო სამედიცინო უნ-ტი
_911282
942 _cBK
_2udc